|
|
|
แสดงรายละเอียดบรรณานุกรม |
|
|
Brief Record
: Get Marc (ISO 2709)
: E-mail record
: |
|
|
DELETE FROM stat_globaluid WHERE id NOT IN ( SELECT id FROM ( SELECT id FROM stat_globaluid ORDER BY id DESC LIMIT 100 ) foo );mysqli: Duplicate entry '20140737158617' for key 'PRIMARY'
insert into stat_globaluid set statuid='20260629154000_4917', dt='1782722400', phpself='/ulib/dublinfull.php', agent='Mozilla/5.0 AppleWebKit/537.36 (KHTML, like Gecko; compatible; ClaudeBot/1.0; +claudebot@anthropic.com)', yea='2026', mon='6', dat='29', ip='61.19.32.209'
| LEADER 01174nam 2200277 a 4500 | |||
| 001 32491 | |||
| 003 ULIBM | |||
| 008 030417s2004 caua sb 001 0 eng | |||
| 020 ^a974-8363-92-9 | |||
| 082 ^aอ 923.1^bส-ป | |||
| 100 ^aสำนักราชเลขาธิการ | |||
| 245 ^aประมวลพระราชกรณียกิจสมเด็จพระนางเจ้าสิริกิติ์ /^cสำนักราชเลขาธิการ | |||
| 260 ^aกรุงเทพฯ:^bอมรินทร์พริ้นติ้ง แอนด์ พับลิชชิ่ง,^c2539 | |||
| 300 ^a328 หน้า | |||
| 650 ^aสิริกิติ์,สมเด็จพระนางเจ้า | |||
| 913 ^aImported by ULIBM Administrator | |||
| 949 ^aImport form external file by ULIBM system | |||
| คุณยังไม่ได้ล็อกอิน คุณสามารถมีกิจกรรมร่วมกับเว็บไซต์ได้ แต่ต้องล็อกอินก่อน :: |
|
| สถานะ | |||||||||
| 1. | หนังสือ สถานะ=ใช้ในห้องสมุดเท่านั้น | อ 923.1 ส-ป 2004 Barcode: 058502 | ►หนังสืออ้างอิง | On Shelf | |||||
| 2. | หนังสือ สถานะ=ใช้ในห้องสมุดเท่านั้น | อ 923.1 ส-ป 2004 Barcode: 058503 | ►หนังสืออ้างอิง | On Shelf | |||||
| 3. | หนังสือ สถานะ=ใช้ในห้องสมุดเท่านั้น | อ 923.1 ส-ป 2004 Barcode: 058506 | ►หนังสืออ้างอิง | On Shelf | |||||
| 4. | หนังสือ สถานะ=ใช้ในห้องสมุดเท่านั้น | อ 923.1 ส-ป 2004 Barcode: 058507 | ►หนังสืออ้างอิง | On Shelf | |||||
| 5. | หนังสือ สถานะ=ใช้ในห้องสมุดเท่านั้น | อ 923.1 ส-ป 2004 Barcode: 058508 | ►หนังสืออ้างอิง | On Shelf | |||||
| 6. | หนังสือ สถานะ=ใช้ในห้องสมุดเท่านั้น | อ 923.1 ส-ป 2004 Barcode: 058509 | ►หนังสืออ้างอิง | On Shelf | |||||
| [แสดง 6/6 รายการ] | |||||||||

| รายการใกล้เคียง ผู้แต่ง [สำนักราชเลขาธิการ]
หัวเรื่อง [สิริกิติ์,สมเด็จพระนางเจ้า]
|
BibComment |
| คอมเมนท์ทรัพยากรรายการนี้ |
|
|
ห้องสมุดโรงเรียนสามัคคีวิทยาคม
159 ถ.บรรพปราการ ต.เวียง อ.เมือง จ.เชียงราย 57000
โทร. 053-711018 โทรสาร 053-713003